Loading...
| Other - Geo/CE | 1 | 1 | 0 | 0 | 25 | 70 | 84.50 | 1 | 2 |
| Other - Other Academic | 1 | 1 | 0 | 0 | 25 | 28 | 66.50 | 1 | 2 |
| History - World History | 1 | 1 | 0 | 0 | 25 | 18 | 56.00 | 1 | 2 |
| Arts - Other Arts | 0 | 2 | 0 | 0 | 20 | 88 | 93.00 | 0 | 2 |
| Thought - Philosophy | 0 | 2 | 1 | 1 | 15 | 103 | 116.00 | 0 | 1 |
| Science - Engineering | 1 | 0 | 0 | 0 | 15 | 45 | 45.00 | 1 | 1 |
| Literature - World Lit | 0 | 1 | 0 | 0 | 10 | 96 | 96.00 | 0 | 1 |
| Science - Biology | 0 | 1 | 0 | 1 | 10 | 132 | 132.00 | 0 | 0 |
| Thought - Social Science | 0 | 1 | 0 | 0 | 10 | 76 | 76.00 | 0 | 1 |
| Arts - Painting | 0 | 1 | 0 | 0 | 10 | 110 | 110.00 | 0 | 0 |
| Beliefs - Religion | 0 | 1 | 0 | 0 | 10 | 116 | 116.00 | 0 | 0 |
| History - American History | 0 | 1 | 0 | 0 | 10 | 118 | 118.00 | 0 | 0 |
| History - Euro History | 0 | 1 | 0 | 0 | 10 | 79 | 79.00 | 0 | 1 |
| Literature - American Lit | 0 | 1 | 0 | 0 | 10 | 105 | 105.00 | 0 | 1 |
| Arts - Music | 0 | 1 | 0 | 0 | 10 | 104 | 104.00 | 0 | 1 |
| Beliefs - Mythology | 0 | 1 | 1 | 0 | 5 | 98 | 98.00 | 1 | 1 |
| Science - Chemistry | 0 | 0 | 1 | 0 | -5 | 0.00 | 0 | 0 |